How fast can you name all Train Stations in Bolton? - Statistics

General Stats
  • This quiz has been taken 16 times
  • The average score is 7 of 11
Answer Stats
Answer % Correct
Bolton Interchange
100%
Farnworth Railway Station
80%
Horwich Parkway Railway Station
80%
Lostock Railway Station
70%
Bromley Cross Railway Station
60%
Moses Gate Railway Station
60%
Hall i' th' Wood Railway Station
50%
Kearsley Railway Station
50%
Westhoughton Railway Station
50%
Daisy Hill Railway Station
40%
Blackrod Railway Station
30%
No matching quizzes found
Score Distribution
Percent of People with Each Score
Percentile by Number Answered
Your Score History
You have not taken this quiz